|
|
|
|
| LEADER |
00000nab#a22000007a#4500 |
| 001 |
arbauad000630 |
| 003 |
AR-BaUAD |
| 005 |
20250711110406.0 |
| 008 |
930607|||||||||###||||||b###|0###a|spa|| |
| 040 |
|
|
|a AR-BaUAD
|c AR-BaUAD
|b spa
|
| 245 |
1 |
0 |
|a Un Oscar pour Mrs. Thompson
|
| 300 |
0 |
|
|b fot.
|
| 653 |
|
|
|a CINE
|
| 653 |
|
|
|a THOMPSON, EMMA
|
| 653 |
|
|
|a ACTORES
|
| 653 |
|
|
|a REINO UNIDO
|
| 773 |
0 |
|
|t Elle
|g no. 2466 [abr. 1993], p. 10
|
| 942 |
|
|
|c ARTI
|
| 952 |
|
|
|0 0
|1 0
|4 0
|7 0
|9 45551
|a AR-BAuAD
|b AR-BAuAD
|d 2025-07-11
|l 0
|p AAQA000630
|r 2025-07-11 11:04:06
|w 2025-07-11
|y ARTI
|
| 990 |
|
|
|a C199
|b TD
|
| 998 |
|
|
|a AAQ
|b BIBUN76
|
| 999 |
|
|
|c 25224
|d 25224
|